Contes de Noël / (Record no. 48744)

MARC details
000 -LEADER
campo de control de longitud fija 00899nam a22002535i 4500
001 - NÚMERO DE CONTROL
campo de control 48744
003 - IDENTIFICADOR DE NÚMERO DE CONTROL
campo de control ES-MaACL
005 - FECHA Y HORA DE LA ÚLTIMA TRANSACCIÓN
campo de control 20230906161818.0
007 - CAMPO FIJO DE DESCRIPCIÓN FÍSICA--INFORMACIÓN GENERAL
campo de control de longitud fija t|
008 - DATOS DE LONGITUD FIJA--INFORMACIÓN GENERAL
campo de control de longitud fija 950728s1877 fr ||||1| fre d
100 1# - ENTRADA PRINCIPAL--NOMBRE DE PERSONA
Nombre de persona Dickens, Charles.
9 (RLIN) 44489
245 10 - MENCIÓN DEL TÍTULO
Título Contes de Noël /
Mención de responsabilidad, etc. par Ch. Dickens ; traduits de l'anglais... par Mlle. de Saint-Roman et M. de Goy.
260 ## - PUBLICACIÓN, DISTRIBUCIÓN, ETC.
Lugar de publicación, distribución, etc. Paris :
Nombre del editor, distribuidor, etc. L. Hachette et Cie,
Fecha de publicación, distribución, etc. 1877 (
Lugar de fabricación/manufactura Coulommiers :
Fabricante Albert Ponsot et P. Brodard)
300 ## - DESCRIPCIÓN FÍSICA
Extensión VIII, 434 p. ;
Dimensiones 19 cm.
505 8# - NOTA DE CONTENIDO CON FORMATO
Nota de contenido con formato Contiene: Le chant de Noël ; Les carillons ; Le grillon du foyer ; La bataille de la vie ; Le possédé
700 1# - ENTRADA AGREGADA--NOMBRE PERSONAL
Nombre de persona Saint-Roman, Mlle. de.
9 (RLIN) 101552
700 1# - ENTRADA AGREGADA--NOMBRE PERSONAL
Nombre de persona Goy, M. de.
9 (RLIN) 59390
740 32 - ENTRADA AGREGADA--TÍTULO RELACIONADO/ANALÍTICO NO CONTROLADO
Título relacionado o analítico no controlado Le chant de Noël.
740 42 - ENTRADA AGREGADA--TÍTULO RELACIONADO/ANALÍTICO NO CONTROLADO
Título relacionado o analítico no controlado Les carillons.
740 32 - ENTRADA AGREGADA--TÍTULO RELACIONADO/ANALÍTICO NO CONTROLADO
Título relacionado o analítico no controlado Le grillon du foyer.
740 32 - ENTRADA AGREGADA--TÍTULO RELACIONADO/ANALÍTICO NO CONTROLADO
Título relacionado o analítico no controlado La bataille de la vie.
740 32 - ENTRADA AGREGADA--TÍTULO RELACIONADO/ANALÍTICO NO CONTROLADO
Título relacionado o analítico no controlado Le possédé.
852 4# - LOCALIZACIÓN
Ubicación ES-MaACL
Número de control de estantería D-1501
Holdings
Estatus retirado Estado de pérdida Estado de daño No para préstamo Colección Biblioteca de origen Biblioteca actual Ubicación en estantería Fecha de adquisición Fuente de adquisición Total de préstamos Signatura topográfica completa Código de barras Visto por última vez Precio de reemplazo Tipo de ítem Koha
        Libros del s. XIX Biblioteca del Ateneo de Madrid Biblioteca del Ateneo de Madrid Sala Valle Inclán 17/01/2008     D-1501 901051297 23/02/2023 23/02/2023 Libro impreso antiguo